<?xml version="1.0" encoding="UTF-8"?><?xml-stylesheet type="text/xsl" href="static/style.xsl"?><OAI-PMH xmlns="http://www.openarchives.org/OAI/2.0/" xmlns:xsi="http://www.w3.org/2001/XMLSchema-instance" xsi:schemaLocation="http://www.openarchives.org/OAI/2.0/ http://www.openarchives.org/OAI/2.0/OAI-PMH.xsd"><responseDate>2026-04-17T20:12:33Z</responseDate><request verb="GetRecord" identifier="oai:www.recercat.cat:20.500.12328/4547" metadataPrefix="marc">https://recercat.cat/oai/request</request><GetRecord><record><header><identifier>oai:recercat.cat:20.500.12328/4547</identifier><datestamp>2025-05-16T12:50:35Z</datestamp><setSpec>com_2072_67741</setSpec><setSpec>col_2072_484352</setSpec></header><metadata><record xmlns="http://www.loc.gov/MARC21/slim" xmlns:dcterms="http://purl.org/dc/terms/" xmlns:xsi="http://www.w3.org/2001/XMLSchema-instance" xmlns:doc="http://www.lyncode.com/xoai" xsi:schemaLocation="http://www.loc.gov/MARC21/slim http://www.loc.gov/standards/marcxml/schema/MARC21slim.xsd">
   <leader>00925njm 22002777a 4500</leader>
   <datafield ind2=" " ind1=" " tag="042">
      <subfield code="a">dc</subfield>
   </datafield>
   <datafield ind2=" " ind1=" " tag="720">
      <subfield code="a">Gargallo-Albiol, Jordi</subfield>
      <subfield code="e">author</subfield>
   </datafield>
   <datafield ind2=" " ind1=" " tag="720">
      <subfield code="a">Tattan, Mustafa</subfield>
      <subfield code="e">author</subfield>
   </datafield>
   <datafield ind2=" " ind1=" " tag="720">
      <subfield code="a">Sinjab, Khaled H.</subfield>
      <subfield code="e">author</subfield>
   </datafield>
   <datafield ind2=" " ind1=" " tag="720">
      <subfield code="a">Chan, Hsun-Liang</subfield>
      <subfield code="e">author</subfield>
   </datafield>
   <datafield ind2=" " ind1=" " tag="720">
      <subfield code="a">Wang, Hom-Lay</subfield>
      <subfield code="e">author</subfield>
   </datafield>
   <datafield ind2=" " ind1=" " tag="260">
      <subfield code="c">2018</subfield>
   </datafield>
   <datafield ind2=" " ind1=" " tag="520">
      <subfield code="a">Objective: To endoscopically determine the incidence of Schneiderian membrane perforation during transcrestal maxillary sinus floor elevation (SFE), in relation to the bone preparation technique, amount of bone graft, membrane elevation height and different surgical steps. Materials and methods: Seven cadaver heads corresponding to 12 maxillary sinuses were used to perform three SFE via transcrestal approach per sinus (36 elevations). Each sinus was randomly assigned to either the Sinus Crestal Approach (SCA) drill kit technique (experimental group) or the conventional osteotome technique (control group). During all phases of the surgery, the integrity of the sinus membrane was monitored through endoscopic examination. Results: A significant difference was found in the incidence of perforation (p = 0.007) and vertical elevation height (p &lt; 0.001) between the study groups, favoring the experimental group. A safety elevation threshold of 5 mm without bone graft and implant placement was estimated. A significant correlation was observed between the residual ridge height and the incidence of perforation (p &lt; 0.001; OR = 0.51). Conclusion: The SCA drill kit may demonstrate superior osteotomy preparation and membrane elevation capabilities to the osteotome technique, and significantly when a 6-mm SFE is indicated. Residual ridge height and vertical elevation height are risk determinant factors.</subfield>
   </datafield>
   <datafield ind1="8" ind2=" " tag="024">
      <subfield code="a">Gargallo-Albiol, Jordi; Tattan, Mustafa; Sinjab, Khaled H. [et al.]. Schneiderian membrane perforation via transcrestal sinus floor elevation: A randomized ex vivo study with endoscopic validation. Clinical Oral Implants Research, 2018, 30(1), p. 11-19. Disponible en: &lt;https://onlinelibrary.wiley.com/doi/10.1111/clr.13388>. Fecha de acceso: 16 ene. 2025. DOI: 10.1111/clr.13388</subfield>
   </datafield>
   <datafield ind1="8" ind2=" " tag="024">
      <subfield code="a">0905-7161</subfield>
   </datafield>
   <datafield ind1="8" ind2=" " tag="024">
      <subfield code="a">http://hdl.handle.net/20.500.12328/4547</subfield>
   </datafield>
   <datafield ind1="8" ind2=" " tag="024">
      <subfield code="a">https://dx.doi.org/10.1111/clr.13388</subfield>
   </datafield>
   <datafield tag="653" ind2=" " ind1=" ">
      <subfield code="a">Membrana de Schneideria</subfield>
   </datafield>
   <datafield tag="653" ind2=" " ind1=" ">
      <subfield code="a">Membrana de Schneideria</subfield>
   </datafield>
   <datafield tag="653" ind2=" " ind1=" ">
      <subfield code="a">Schneiderian membrane</subfield>
   </datafield>
   <datafield ind2="0" ind1="0" tag="245">
      <subfield code="a">Schneiderian membrane perforation via transcrestal sinus floor elevation: A randomized ex vivo study with endoscopic validation</subfield>
   </datafield>
</record></metadata></record></GetRecord></OAI-PMH>